[Event "HUN-ch U20"]
[Site "Szolnok"]
[Date "2024.04.06"]
[Round "9"]
[White "Janosi, Bence"]
[Black "Karacsonyi, Bank"]
[Result "0-1"]
[WhiteElo "1893"]
[BlackElo "1940"]
[PlyCount "46"]
[EventDate "2024.03.31"]
[EventType "swiss"]
[EventRounds "9"]
[EventCountry "HUN"]
[SourceTitle "CB16_2024"]
[SourceDate "2024.04.17"]
[SourceVersion "1"]
[SourceVersionDate "2024.04.17"]
[SourceQuality "1"]

1. d4 Nf6 2. c4 e6 3. Nc3 Bb4 4. g3 0-0 5. Bg2 d5 6. Nf3 Nc6 7. 0-0 dxc4 8. Qa4 Bd7 9. Qc2 Rb8 10. e4 Bxc3 11. bxc3 h6 12. Nd2 b5 13. f4 Bc8 14. Rd1 Nxd4 15. cxd4 Qxd4+ 16. Kh1 Ng4 17. Rf1 Ne3 18. Bb2 Nxc2 19. Bxd4 Nxd4 20. Rab1 c3 21. Nb3 Nxb3 22. Rxb3 b4 23. a3 c5 0-1

[Event "EU-ch U12 30th"]
[Site "Antalya"]
[Date "2022.11.14"]
[Round "9"]
[White "Averin, Nikolay"]
[Black "Karacsonyi, Bank"]
[Result "1-0"]
[WhiteElo "2368"]
[BlackElo "1930"]
[PlyCount "67"]
[EventDate "2022.11.06"]
[EventType "swiss"]
[EventRounds "9"]
[EventCountry "TUR"]
[SourceTitle "CBM 211 Extra"]
[Source "ChessBase"]
[SourceDate "2023.01.31"]
[SourceVersion "1"]
[SourceVersionDate "2023.01.31"]
[SourceQuality "1"]

1. e4 e5 2. Nf3 Nc6 3. Bb5 a6 4. Ba4 Nf6 5. 0-0 Nxe4 6. d4 b5 7. Bb3 d5 8. dxe5 Be6 9. Nbd2 Nc5 10. c3 Be7 11. Bc2 d4 12. Nb3 dxc3 13. Nxc5 Bxc5 14. Be4 Qd7 15. bxc3 0-0 16. Qc2 h6 17. Rd1 Qe8 18. Nd4 Bd7 19. Nb3 Bb6 20. Ba3 b4 21. cxb4 f5 22. Bd5+ Kh8 23. e6 Nd4 24. Nxd4 Ba4 25. Nb3 Rd8 26. b5 Rf6 27. e7 Rxd5 28. Rxd5 c6 29. Rxf5 c5 30. Bxc5 Bc7 31. bxa6 Qh5 32. g3 Bc6 33. a7 Qf3 34. a8Q+ 1-0

[Event "EU-ch U12 30th"]
[Site "Antalya"]
[Date "2022.11.10"]
[Round "5"]
[White "Karacsonyi, Bank"]
[Black "Gilfanov, Marat I"]
[Result "0-1"]
[WhiteElo "1930"]
[BlackElo "1786"]
[PlyCount "77"]
[EventDate "2022.11.06"]
[EventType "swiss"]
[EventRounds "9"]
[EventCountry "TUR"]
[SourceTitle "CBM 211 Extra"]
[Source "ChessBase"]
[SourceDate "2023.01.31"]
[SourceVersion "1"]
[SourceVersionDate "2023.01.31"]
[SourceQuality "1"]

1. e4 c5 2. Nf3 e6 3. d4 cxd4 4. Nxd4 Nf6 5. Nc3 Bb4 6. e5 Nd5 7. Bd2 Nxc3 8. bxc3 Be7 9. Qg4 Kf8 10. Bd3 Na6 11. 0-0 Nc5 12. Be2 h5 13. Qh3 Ne4 14. Be1 g6 15. Qe3 Nc5 16. Nb5 b6 17. Rd1 Ba6 18. Nd6 Bxe2 19. Qxe2 Kg7 20. f4 Qc7 21. Qc4 Qc6 22. f5 gxf5 23. Bh4 Bxh4 24. Qxh4 Rh6 25. Qe7 Rf8 26. Rf3 h4 27. Ne8+ Rxe8 28. Qxe8 Rg6 29. Rf2 Qe4 30. Qb8 h3 31. g3 Qe3 32. Qd6 Ne4 33. Qd4 Rxg3+ 34. hxg3 h2+ 35. Kh1 Nxf2+ 36. Kxh2 Ng4+ 37. Kg2 Qe2+ 38. Kg1 Ne3 39. Rd2 0-1

[Event "HUN-chT U18"]
[Site "Budapest"]
[Date "2022.11.01"]
[Round "3.6"]
[White "Karacsonyi, Bank"]
[Black "Szamko, Hanna"]
[Result "1-0"]
[WhiteElo "1908"]
[BlackElo "1524"]
[PlyCount "49"]
[EventDate "2022.10.31"]
[EventType "team-swiss"]
[EventRounds "7"]
[EventCountry "HUN"]
[SourceTitle "CBM 211 Extra"]
[Source "ChessBase"]
[SourceDate "2023.01.31"]
[SourceVersion "1"]
[SourceVersionDate "2023.01.31"]
[SourceQuality "1"]
[WhiteTeam "Kobanya Aquarena"]
[BlackTeam "Maroczy"]
[WhiteTeamCountry "HUN"]
[BlackTeamCountry "HUN"]

1. e4 d5 2. exd5 Qxd5 3. Nc3 Qa5 4. d4 c6 5. Bc4 Bf5 6. Nf3 Nf6 7. Bd2 Qc7 8. Ne5 e6 9. 0-0 Nbd7 10. Bf4 Bd6 11. Re1 Bxe5 12. dxe5 Nd5 13. Bxd5 exd5 14. Ne2 Be6 15. Nd4 Nb6 16. Bg5 h6 17. Qh5 Qd7 18. Bf6 gxf6 19. Nxe6 f5 20. Ng7+ Kd8 21. e6 fxe6 22. Nxe6+ Kc8 23. Nc5 Qc7 24. Qxf5+ Kb8 25. Qf6 1-0

[Event "Budapest FS02 Nadassy"]
[Site "Budapest"]
[Date "2022.02.13"]
[Round "8"]
[White "Karacsonyi, Bank"]
[Black "Szalanczy, Emil"]
[Result "0-1"]
[WhiteElo "1745"]
[BlackElo "2066"]
[PlyCount "82"]
[EventDate "2022.02.05"]
[EventType "schev"]
[EventRounds "10"]
[EventCountry "HUN"]
[SourceTitle "EXT 2023"]
[Source "ChessBase"]
[SourceDate "2022.10.05"]
[SourceVersion "1"]
[SourceVersionDate "2022.10.05"]
[SourceQuality "1"]
[WhiteTeam "B Team Lower Elo"]
[BlackTeam "A Team Higher Elo"]
[WhiteTeamCountry "HUN"]
[BlackTeamCountry "HUN"]

1. e4 c5 2. Nf3 d6 3. d4 cxd4 4. Nxd4 Nf6 5. Nc3 g6 6. Be3 Bg7 7. f3 Nc6 8. Qd2 0-0 9. g4 Qa5 10. Nb3 Qc7 11. h4 Be6 12. h5 Rfc8 13. Bh6 Ne5 14. Be2 Bh8 15. hxg6 fxg6 16. Nd4 Bf7 17. 0-0-0 Qa5 18. a3 Rxc3 19. Qxc3 Qxc3 20. bxc3 Rc8 21. Kd2 Bc4 22. Bd3 Nfd7 23. Be3 Nc5 24. Ke2 Bf6 25. g5 Bg7 26. Rh3 Na4 27. Rb1 Bf7 28. Bd2 a6 29. f4 Nxd3 30. Kxd3 e5 31. fxe5 dxe5 32. Ne2 Nb2+ 33. Ke3 Nc4+ 34. Kf2 Nxd2 35. Rh4 b5 36. a4 bxa4 37. Ra1 Be8 38. Ke3 Nc4+ 39. Kf3 Bb5 40. Rah1 Rf8+ 41. Kg2 a3 0-1

[Event "HUN-chT U18"]
[Site "Budapest"]
[Date "2021.10.27"]
[Round "6.23"]
[White "Lazsadi, Kerka Lilla"]
[Black "Karacsonyi, Bank"]
[Result "0-1"]
[WhiteElo "1567"]
[BlackElo "1721"]
[PlyCount "64"]
[EventDate "2021.10.24"]
[EventType "team-tourn"]
[EventRounds "7"]
[EventCountry "HUN"]
[SourceTitle "CBM 205 Extra"]
[Source "ChessBase"]
[SourceDate "2022.01.31"]
[SourceVersion "1"]
[SourceVersionDate "2022.01.31"]
[SourceQuality "1"]

1. d4 Nf6 2. Nf3 g6 3. c4 Bg7 4. Nc3 0-0 5. e4 c5 6. d5 d6 7. h3 e5 8. Bd3 Nh5 9. g3 f5 10. exf5 gxf5 11. Nh4 Nf4 12. Bxf4 exf4 13. Qc2 fxg3 14. fxg3 Qg5 15. Ne2 Na6 16. a3 Bd7 17. 0-0 Rae8 18. Rae1 Rxe2 19. Qxe2 Qxg3+ 20. Qg2 Qxh4 21. Re3 Qd4 22. Qf2 Qxe3 23. Qxe3 Bd4 24. Qxd4 cxd4 25. b4 b5 26. Re1 Nc7 27. Re7 Rf7 28. Re2 bxc4 29. Bxc4 Bb5 30. Bxb5 Nxb5 31. a4 Nc3 32. Rd2 Rb7 0-1

[Event "HUN-ch U12"]
[Site "Tapolca"]
[Date "2021.08.05"]
[Round "6"]
[White "Karacsonyi, Bank"]
[Black "Csernyik, Mark"]
[Result "1/2-1/2"]
[WhiteElo "1603"]
[BlackElo "1873"]
[PlyCount "53"]
[EventDate "2021.08.01"]
[EventType "swiss"]
[EventRounds "7"]
[EventCountry "HUN"]
[SourceTitle "EXT 2022"]
[Source "ChessBase"]
[SourceDate "2021.10.06"]
[SourceVersion "1"]
[SourceVersionDate "2021.10.06"]
[SourceQuality "1"]

1. e4 c5 2. Nf3 d6 3. d4 cxd4 4. Nxd4 Nf6 5. Nc3 g6 6. Be3 Bg7 7. f3 0-0 8. Qd2 Nc6 9. 0-0-0 d5 10. exd5 Nxd5 11. Nxc6 bxc6 12. Bd4 e6 13. Ne4 f5 14. Bxg7 Kxg7 15. Qd4+ Kg8 16. Nc5 Qg5+ 17. Kb1 Rd8 18. Ba6 Re8 19. Bxc8 Raxc8 20. c4 Nb6 21. Rhe1 e5 22. Rxe5 Red8 23. Qg1 Nxc4 24. Re2 Rd5 25. Rxd5 cxd5 26. Qd4 Nb6 27. h4 1/2-1/2

[Event "HUN-ch U10"]
[Site "Tapolca"]
[Date "2020.08.18"]
[Round "5"]
[White "Baki, Bence"]
[Black "Karacsonyi, Bank"]
[Result "0-1"]
[WhiteElo "1275"]
[BlackElo "1621"]
[PlyCount "50"]
[EventDate "2020.08.15"]
[EventType "swiss"]
[EventRounds "7"]
[EventCountry "HUN"]
[SourceTitle "EXT 2023"]
[Source "ChessBase"]
[SourceDate "2022.10.05"]
[SourceVersion "1"]
[SourceVersionDate "2022.10.05"]
[SourceQuality "1"]
[WhiteTeam "Hungary"]
[BlackTeam "Hungary"]
[WhiteTeamCountry "HUN"]
[BlackTeamCountry "HUN"]

1. e4 e5 2. f4 exf4 3. Nf3 g5 4. Bc4 Bg7 5. d4 d6 6. 0-0 h6 7. Qd3 Nc6 8. c3 Nge7 9. h3 f5 10. Re1 Rf8 11. Bb5 Kf7 12. Bxc6 bxc6 13. e5 Kg8 14. Qe2 Ng6 15. Qc4+ Kh7 16. Qxc6 Bd7 17. Qc4 g4 18. hxg4 fxg4 19. Nh2 f3 20. Re4 Qh4 21. Be3 d5 22. Qxd5 Qe1+ 23. Nf1 fxg2 24. Kxg2 Qxf1+ 25. Kh2 Qh3+ 0-1

[Event "HUN--chT U12"]
[Site "Budapest"]
[Date "2019.10.27"]
[Round "3.4"]
[White "Nagy, Levente2222"]
[Black "Karacsonyi, Bank"]
[Result "0-1"]
[WhiteElo "1286"]
[BlackElo "1513"]
[PlyCount "76"]
[EventDate "2019.10.26"]
[EventType "team-swiss"]
[EventRounds "7"]
[EventCountry "HUN"]
[SourceTitle "CBM 192 Extra"]
[Source "Chessbase"]
[SourceDate "2019.11.06"]
[SourceVersion "1"]
[SourceVersionDate "2019.11.06"]
[SourceQuality "1"]
[WhiteTeam "Barcza Gedeon"]
[BlackTeam "Kobanya Aquarena"]
[WhiteTeamCountry "HUN"]
[BlackTeamCountry "HUN"]

1. e4 c5 2. Nf3 d6 3. d4 cxd4 4. Nxd4 Nf6 5. Nc3 a6 6. Bd3 e5 7. Nb3 Be6 8. Bg5 Nc6 9. Nd5 Be7 10. Nxe7 Qxe7 11. Qd2 0-0 12. 0-0 b5 13. Rfe1 Rac8 14. Re3 h6 15. Bh4 g5 16. Bg3 Rfd8 17. h3 d5 18. exd5 Bxd5 19. Qe2 e4 20. Qe1 Re8 21. c3 Nh5 22. Bh2 f5 23. Qd1 Nf6 24. Rc1 Rcd8 25. Qf1 Bxb3 26. axb3 Rxd3 27. Rxd3 exd3 28. Qxd3 Qe4 29. Qf1 f4 30. f3 Qe3+ 31. Kh1 Qe2 32. Qxe2 Rxe2 33. Rb1 Ne5 34. Bg1 Nh5 35. Bd4 Ng3+ 36. Kg1 Nd3 37. c4 Rc2 38. cxb5 Ne2+ 0-1

[Event "HUN-ch U10"]
[Site "Balatonlelle"]
[Date "2019.06.26"]
[Round "7"]
[White "Karacsonyi, Bank"]
[Black "Matyassy, Lazar"]
[Result "1-0"]
[WhiteElo "1529"]
[BlackElo "1539"]
[PlyCount "61"]
[EventDate "2019.06.21"]
[EventType "swiss"]
[EventRounds "9"]
[EventCountry "HUN"]
[SourceTitle "CBM 191 Extra"]
[Source "ChessBase"]
[SourceDate "2019.09.30"]
[SourceVersion "1"]
[SourceVersionDate "2019.09.30"]
[SourceQuality "1"]

1. e4 c5 2. Nf3 g6 3. d4 Bg7 4. Nc3 cxd4 5. Nxd4 Nc6 6. Be3 Nf6 7. Bc4 0-0 8. h3 d6 9. Qd2 Bd7 10. 0-0-0 a6 11. h4 b5 12. Nxc6 Bxc6 13. Bd5 Bxd5 14. exd5 Ng4 15. Bd4 Bh6 16. f4 e5 17. dxe6 fxe6 18. g3 e5 19. Be3 Nxe3 20. Qxe3 Rxf4 21. Kb1 Rxh4 22. Qf3 Rxh1 23. Rxh1 Qf8 24. Qd5+ Kh8 25. Rxh6 Qxh6 26. Qxa8+ Kg7 27. Qb7+ Kf6 28. Qc6 Ke7 29. Nd5+ Ke6 30. Nc7+ Kf5 31. Qf3+ 1-0

[Event "HUN-ch U10"]
[Site "Balatonlelle"]
[Date "2019.06.22"]
[Round "2"]
[White "Biro, Daniel"]
[Black "Karacsonyi, Bank"]
[Result "0-1"]
[WhiteElo "1343"]
[BlackElo "1529"]
[PlyCount "96"]
[EventDate "2019.06.21"]
[EventType "swiss"]
[EventRounds "9"]
[EventCountry "HUN"]
[SourceTitle "CBM 191 Extra"]
[Source "ChessBase"]
[SourceDate "2019.09.30"]
[SourceVersion "1"]
[SourceVersionDate "2019.09.30"]
[SourceQuality "1"]

1. Nf3 Nf6 2. g3 g6 3. Bg2 Bg7 4. 0-0 d6 5. d4 0-0 6. c4 Nbd7 7. Nc3 e5 8. dxe5 dxe5 9. Qc2 Ne8 10. Rd1 Nd6 11. b3 f5 12. Bg5 Qe8 13. Nd5 e4 14. Nxc7 Qf7 15. Rac1 exf3 16. Bxf3 Ne4 17. Bxe4 fxe4 18. Nxa8 Qxf2+ 19. Kh1 Qf5 20. Bf4 Ne5 21. Nc7 Ng4 22. Rf1 Qh5 23. h4 Rxf4 24. Rxf4 g5 25. Qxe4 gxf4 26. Qd5+ Qxd5+ 27. Nxd5 Kf7 28. Nxf4 Ne3 29. Nd5 Nf5 30. Rf1 Kg6 31. Nf4+ Kh6 32. Kh2 Ne3 33. Rf3 Ng4+ 34. Kg2 Bf5 35. Kh3 Ne5+ 36. Kg2 Nxf3 37. exf3 Bb1 38. g4 Be5 39. g5+ Kg7 40. Ne6+ Kg8 41. f4 Bd6 42. c5 Be7 43. a3 Bf5 44. Nc7 Bxc5 45. b4 Bd6 46. Nb5 Bxf4 47. Nxa7 Bc1 48. a4 Bc2 0-1

[Event "Zalakaros op 37th"]
[Site "Zalakaros"]
[Date "2018.05.28"]
[Round "4"]
[White "Czebe, Attila"]
[Black "Karacsonyi, Bank"]
[Result "1-0"]
[WhiteElo "2422"]
[BlackElo "1311"]
[PlyCount "53"]
[EventDate "2018.05.25"]
[EventType "swiss"]
[EventRounds "9"]
[EventCountry "HUN"]
[SourceTitle "EXT 2019"]
[Source "ChessBase"]
[SourceDate "2018.10.10"]
[SourceVersion "1"]
[SourceVersionDate "2018.10.10"]
[SourceQuality "1"]

1. e4 d5 2. exd5 Qxd5 3. Nc3 Qd6 4. Nf3 Nf6 5. d4 c6 6. Ne5 Nbd7 7. Bf4 Qe6 8. Bc4 Nd5 9. 0-0 Nxe5 10. Bxd5 cxd5 11. dxe5 Qc6 12. Qxd5 Qg6 13. Nb5 Qb6 14. Be3 Qc6 15. Rad1 Bd7 16. Qxc6 bxc6 17. Nc7+ Kd8 18. Nxa8 Kc8 19. Bxa7 Bg4 20. Bc5 Bxd1 21. Rxd1 Kb7 22. Rd8 f6 23. Nb6 fxe5 24. a4 Kc7 25. Rd7+ Kb8 26. a5 e6 27. a6 1-0